| 000 | 00531nam a2200193 a 4500 | ||
|---|---|---|---|
| 005 | 20220825160451.0 | ||
| 008 | 040623s2003 mx r 000 0 spa d | ||
| 020 | _a9681912667 | ||
| 035 | _aUPN01000133922 | ||
| 049 | _aCG | ||
| 050 | 4 |
_aPQ6663 O5.7 _bL6.3 |
|
| 100 | 1 |
_aMontero, Rosa, _d1951- _931820 |
|
| 245 | 1 | 3 |
_aLa loca de la casa / _cRosa Montero. |
| 260 |
_aMéxico : _bAlfaguara, _cc2003. |
||
| 300 | _a271 p. | ||
| 600 | 1 | 4 |
_aMONTERO, ROSA - _vNOVELA |
| 650 | 7 |
_aNovela española _ySiglo XXI _2 _912862 |
|
| 905 | _aLibro | ||
| 999 |
_c106073 _d106073 |
||